Informe sobre la producción y distribución de electricidad, y sobre el material y servicio de la Compañía General Madrileña / (Record no. 22184)

MARC details
000 -LEADER
campo de control de longitud fija 01274nam a2200277 i 4500
001 - NÚMERO DE CONTROL
campo de control 22184
003 - IDENTIFICADOR DE NÚMERO DE CONTROL
campo de control ES-MaACL
005 - FECHA Y HORA DE LA ÚLTIMA TRANSACCIÓN
campo de control 20240206170154.0
007 - CAMPO FIJO DE DESCRIPCIÓN FÍSICA--INFORMACIÓN GENERAL
campo de control de longitud fija t|
008 - DATOS DE LONGITUD FIJA--INFORMACIÓN GENERAL
campo de control de longitud fija 030131s1894 sp |||| | spa d
080 ## - NÚMERO DE LA CLASIFICACIÓN DECIMAL UNIVERSAL
Número de la Clasificación Decimal Universal 621.311:061.5(460.27 M.)
080 ## - NÚMERO DE LA CLASIFICACIÓN DECIMAL UNIVERSAL
Número de la Clasificación Decimal Universal 621.316.3(460.27 M.)
100 1# - ENTRADA PRINCIPAL--NOMBRE DE PERSONA
Nombre de persona Echegaray, José,
Fechas asociadas al nombre 1832-1916
9 (RLIN) 46526
245 10 - MENCIÓN DEL TÍTULO
Título Informe sobre la producción y distribución de electricidad, y sobre el material y servicio de la Compañía General Madrileña /
Mención de responsabilidad, etc. por Don José Echegaray, Don Ricardo Becerro de Bengoa y Don Francisco de P. Rojas.
260 ## - PUBLICACIÓN, DISTRIBUCIÓN, ETC.
Lugar de publicación, distribución, etc. Madrid :
Nombre del editor, distribuidor, etc. [s.n.],
Fecha de publicación, distribución, etc. 1894 (
Fabricante Tipo-Lit. de F. Rodríguez)
300 ## - DESCRIPCIÓN FÍSICA
Extensión 16 p. ;
Dimensiones 24 cm.
530 ## - NOTA DISPONIBLE DE FORMULARIO FÍSICO ADICIONAL
Nota de formato físico adicional disponible Disponible en formato digital.
610 24 - PUNTO DE ACCESO ADICIONAL DE MATERIA--NOMBRE DE ENTIDAD CORPORATIVA
Nombre de entidad corporativa o nombre de jurisdicción como elemento de entrada Compañía General Madrileña de Electricidad.
9 (RLIN) 160505
650 #7 - PUNTO DE ACCESO ADICIONAL DE MATERIA--TÉRMINO DE MATERIA
Término de materia o nombre geográfico como elemento de entrada Iluminación eléctrica
Fuente del encabezamiento o término embne
9 (RLIN) 235076
650 #4 - PUNTO DE ACCESO ADICIONAL DE MATERIA--TÉRMINO DE MATERIA
Término de materia o nombre geográfico como elemento de entrada Energía eléctrica-
Subdivisión geográfica España.
9 (RLIN) 12252
700 1# - ENTRADA AGREGADA--NOMBRE PERSONAL
Nombre de persona Becerro de Bengoa, Ricardo,
Fechas asociadas al nombre 1845-1902
9 (RLIN) 26893
700 1# - ENTRADA AGREGADA--NOMBRE PERSONAL
Nombre de persona Rojas y Caballero Infante, Francisco de Paula.
9 (RLIN) 99083
852 4# - LOCALIZACIÓN
Ubicación ES-MaACL
Número de control de estantería T-851-F-4
Nota libre - Enc. hol. conservando cub. original
-- - Enc. en un vol. facticio
856 4# - LOCALIZACIÓN Y ACCESO ELECTRÓNICOS
Identificador Uniforme de Recursos <a href="http://bdh-rd.bne.es/viewer.vm?id=0000243064&page=1 ">http://bdh-rd.bne.es/viewer.vm?id=0000243064&page=1 </a>
Nota pública Biblioteca Digital Hispánica
Holdings
Estatus retirado Estado de pérdida Estado de daño No para préstamo Colección Biblioteca de origen Biblioteca actual Ubicación en estantería Fecha de adquisición Fuente de adquisición Total de préstamos Signatura topográfica completa Código de barras Visto por última vez Precio de reemplazo Tipo de ítem Koha
        Colección de folletos Biblioteca del Ateneo de Madrid Biblioteca del Ateneo de Madrid Depósito folletos 17/01/2008     T-851-F-4 1022824 23/02/2023 23/02/2023 Folleto